Naval Destroyer Warship Strength by Country - Statistics

General Stats
  • This quiz has been taken 140 times
  • The average score is 10 of 12
Answer Stats
GFP Points Country % Correct
6 United Kingdom
100%
65 United States
100%
29 China
98%
13 Russia
98%
36 Japan
97%
12 France
94%
11 India
88%
4 Italy
86%
12 South Korea
85%
4 Taiwan
49%
4 Netherlands
43%
4 Argentina
35%
No matching quizzes found
Score Distribution
Percent of People with Each Score
Percentile by Number Answered
Your Score History
You have not taken this quiz